Tuyển chọn vi khuẩn sinh metan trong nước thải nhà máy giấy tái chế : Báo cáo tổng kết đề tài nghiên cứu khoa học của sinh viên

Đề tài phân lập vi khuẩn sinh metan có khả năng sử dụng Co2 và H2 để tạo thành CH4 và thành lập hệ thống kỵ khí.

Đã lưu trong:
Bibliografiske detaljer
Hovedforfatter: Nguyễn, Thị Hoàng Ngân
Format: Bog
Sprog:Undetermined
Udgivet: Cần Thơ Trường Đại học Cần Thơ 2013
Fag:
Tags: Tilføj Tag
Ingen Tags, Vær først til at tagge denne postø!
Thư viện lưu trữ: Trung tâm Học liệu Trường Đại học Cần Thơ
LEADER 01047nam a2200229Ia 4500
001 CTU_204459
008 210402s9999 xx 000 0 und d
082 |a 579.3 
082 |b Ng121 
088 |a TSV2013-08 
100 |a Nguyễn, Thị Hoàng Ngân 
245 0 |a Tuyển chọn vi khuẩn sinh metan trong nước thải nhà máy giấy tái chế : 
245 0 |b Báo cáo tổng kết đề tài nghiên cứu khoa học của sinh viên 
245 0 |c Nguyễn Thị Hoàng Ngân (Chủ nhiệm đề tài) ; Trần Nhân Dũng (Cán bộ hướng dẫn) 
260 |a Cần Thơ 
260 |b Trường Đại học Cần Thơ 
260 |c 2013 
520 |a Đề tài phân lập vi khuẩn sinh metan có khả năng sử dụng Co2 và H2 để tạo thành CH4 và thành lập hệ thống kỵ khí. 
650 |a Bacteriology,Vi khuẩn 
904 |i Hải 
915 |a CS 
980 |a Trung tâm Học liệu Trường Đại học Cần Thơ